000 00664nam a2200277Ia 4500
005 20260324111532.0
008 008 260324s9999 xx 000 0 eng d
020 _a9781003485919
037 _aEBOOK
040 _aCRL
040 _beng
040 _cCRL
041 _2eng
041 _aeng
084 _qCRL
100 _aSeán Mac Labhraí
_91138966
245 0 _aGuide to the JCT Design and Build Contract - 2024 Edition
260 _bTaylor and Francis
260 _c2025
365 _a
365 _b340
856 _uhttp://www.taylorfrancis.com/books/9781003485919
942 _cEBOOK
999 _c1727828
_d1727828